| 000 | 01083nac a22003131i 4500 | ||
|---|---|---|---|
| 003 | EG-ScBUE | ||
| 005 | 20241013094812.0 | ||
| 008 | 241013t2001 njua f 001 0 eng d | ||
| 020 | _a0139737510 | ||
| 020 | _a9780139737510 | ||
| 040 |
_aEG-ScBUE _beng _erda _cEG-ScBUE _dEG-ScBUE |
||
| 082 | 0 | 4 |
_a515.35 _bEDW _222 |
| 100 | 1 |
_aEdwards, C. H., _q(Charles Henry), _d1937- _eauthor. |
|
| 245 | 1 | 0 |
_aDifferential equations & linear algebra / _cC. Henry Edwards, David E. Penney, the University of Georgia. |
| 246 | 3 | _aDifferential equations and linear algebra | |
| 264 | 1 |
_aUpper Saddle River, NJ : _bPearson Prentice Hall, _c[2001] |
|
| 264 | 4 | _cc2001 | |
| 300 |
_a682 pages : _bcolor illustrations ; _c27 cm |
||
| 336 |
_2rdacontent _atext _btxt |
||
| 337 |
_aunmediated _2rdamedia _bn |
||
| 338 |
_avolume _bnc _2rdacarrier |
||
| 500 | _aIncludes index. | ||
| 500 | _aIncludes appendix. | ||
| 650 | 7 |
_aDifferential equations. _2BUEsh |
|
| 650 | 7 |
_aAlgebras, Linear. _2BUEsh |
|
| 655 | _vReading book | ||
| 700 | 1 |
_aPenney, David E., _eauthor. |
|
| 942 |
_cBB _2ddc |
||
| 999 |
_c1361 _d1361 |
||